[Event "Championnat de France 2006 - Open C"]
[Site "BESANCON"]
[Date "2006.08.25"]
[Round "10.3"]
[White "Souquet, Amedee"]
[Black "Tournier, Jean-Pascal"]
[Result "0-1"]
[WhiteElo "1660"]
[BlackElo "1560"]
[PlyCount "82"]
[EventDate "2006.??.??"]

1. d4 Nf6 2. c4 g6 3. Nc3 d6 4. e4 Bg7 5. Nf3 O-O 6. Bg5 Nbd7 7. Bd3 e5 8. d5
Nc5 9. Bc2 h6 10. Bd2 a5 11. h3 c6 12. O-O cxd5 13. cxd5 Nh5 14. Qc1 Kh7 15.
Rb1 f5 16. b4 axb4 17. Rxb4 f4 18. Qb1 g5 19. Nh2 Rg8 20. Na4 Nxa4 21. Bxa4 Bf8
22. Bd1 Qe8 23. Be2 Nf6 24. Rc1 Kh8 25. Ng4 Be7 26. Nxh6 Rg7 {#} 27. Rxc8 Rxc8
28. Nf5 Rh7 29. Rxb7 Bf8 30. Rxh7+ Kxh7 31. Qb7+ Kg6 32. Bb5 Qd8 33. Bc6 Rb8
34. Qa7 Nxe4 35. Ba5 Rb1+ 36. Kh2 Nxf2 37. Qxf2 Qxa5 38. Nxd6 Qc3 39. Be8+ Kg7
40. Qa7+ Kh8 41. Ne4 Qe1 0-1

[Event "Championnat de France 2006 - Open C"]
[Site "BESANCON"]
[Date "2006.08.25"]
[Round "10.4"]
[White "Friburger, Quentin"]
[Black "Vernay, Gaspard"]
[Result "1/2-1/2"]
[WhiteElo "1570"]
[BlackElo "1690"]
[PlyCount "44"]
[EventDate "2006.??.??"]

1. d4 d5 2. Nf3 c6 3. c4 Nf6 4. g3 Bg4 5. Bg2 dxc4 6. Ne5 Be6 7. Nc3 Nd5 8.
Nxc4 Nxc3 9. Qb3 b5 10. Qxc3 Bxc4 11. b3 Bd5 12. e4 Be6 13. Bf4 Qd7 14. Rd1 Bg4
15. Rd2 e6 16. d5 Bd6 17. dxc6 Qxc6 18. Qxc6+ Nxc6 19. Rxd6 Rc8 20. O-O O-O 21.
h3 Bh5 22. g4 Bg6 1/2-1/2

[Event "Championnat de France 2006 - Open C"]
[Site "BESANCON"]
[Date "2006.08.25"]
[Round "10.5"]
[White "Louison, Lewis"]
[Black "Buissonnet, Anthony"]
[Result "0-1"]
[WhiteElo "1660"]
[BlackElo "1520"]
[PlyCount "80"]
[EventDate "2006.??.??"]

1. e4 d5 2. exd5 Nf6 3. d4 Nxd5 4. c4 Nb6 5. Nf3 g6 6. c5 Nd5 7. Bc4 c6 8. Ng5
Nd7 9. Qf3 N7f6 10. h3 Bg7 11. Nc3 h6 12. Nge4 Nxe4 13. Nxd5 cxd5 14. Bb5+ Bd7
15. Bxd7+ Qxd7 16. Qd3 Rc8 17. f3 Ng3 18. Rg1 Nf5 19. Be3 Nxe3 20. Qxe3 Qa4 21.
Rd1 Qxa2 22. Rd2 Qa5 23. Kf2 Qc7 24. Re1 e6 25. Kg1 h5 26. Qe2 h4 27. Qd3 a6
28. Rde2 O-O 29. b4 Qf4 30. Kh1 Qxd4 31. Qb1 Qf4 32. Re3 Rc6 33. b5 axb5 34.
Qxb5 Rfc8 35. Qxb7 Qc7 36. Qb4 Rxc5 37. Qxh4 Rc4 38. Qg5 Kh7 39. Rxe6 fxe6 40.
Rxe6 Rc1+ 0-1

[Event "Championnat de France 2006 - Vétérans"]
[Site "BESANCON"]
[Date "2006.08.25"]
[Round "10.1"]
[White "Goldenberg, Richard"]
[Black "Birens, Eric-Andre"]
[Result "1-0"]
[WhiteElo "2329"]
[BlackElo "2037"]
[PlyCount "87"]
[EventDate "2006.??.??"]

1. d4 c5 2. d5 d6 3. c4 g6 4. Nc3 Nf6 5. e4 Bg7 6. Bd3 O-O 7. Nge2 e6 8. O-O
exd5 9. cxd5 Na6 10. h3 Nc7 11. Ng3 a6 12. a4 Bd7 13. Bg5 b5 14. Qd2 bxa4 15.
f4 h6 16. Bh4 Qb8 17. Bxf6 Bxf6 18. e5 dxe5 19. Nge4 Bg7 20. fxe5 Ne8 21. Nf6+
Bxf6 22. exf6 Qe5 23. Rae1 Qd4+ 24. Kh2 Nxf6 25. Rf4 Ng4+ 26. hxg4 Qg7 27. Ne4
f5 28. Nxc5 Rab8 29. Nxd7 Qxd7 30. Re6 Qg7 31. Qc3 Rxb2 32. Qxg7+ Kxg7 33. gxf5
a3 34. Rxg6+ Kf7 35. Rxa6 Rg8 36. Bf1 a2 37. d6 Kf6 38. Kh1 Ke5 39. Rfa4 Kxf5
40. Rxa2 Rxa2 41. Rxa2 Rb8 42. d7 Ke6 43. Rd2 Rd8 44. Bb5 1-0

[Event "Championnat de France 2006 - Vétérans"]
[Site "BESANCON"]
[Date "2006.08.25"]
[Round "10.2"]
[White "Meinsohn, Francis"]
[Black "Derouineau, Paul"]
[Result "1-0"]
[WhiteElo "2250"]
[BlackElo "1810"]
[PlyCount "49"]
[EventDate "2006.??.??"]

1. d4 e6 2. c4 d5 3. Nc3 Nf6 4. Bg5 Nbd7 5. e3 Be7 6. Qc2 h6 7. Bf4 a6 8. cxd5
exd5 9. Bd3 c5 10. dxc5 Nxc5 11. Nf3 O-O 12. O-O Bd6 13. Bxd6 Qxd6 14. h3 Be6
15. Rfd1 Nxd3 16. Qxd3 Rfd8 17. Rd2 Qe7 18. Rad1 Re8 19. Nd4 Ne4 20. Nxe4 dxe4
21. Qxe4 Bxa2 22. Qxe7 Rxe7 23. b3 Bxb3 24. Nxb3 a5 25. Rd8+ 1-0

[Event "Championnat de France 2006 - Vétérans"]
[Site "BESANCON"]
[Date "2006.08.25"]
[Round "10.3"]
[White "Oger, Claude"]
[Black "Peyrin, Jean"]
[Result "0-1"]
[WhiteElo "1962"]
[BlackElo "2004"]
[PlyCount "94"]
[EventDate "2006.??.??"]

1. d4 Nf6 2. Nf3 e6 3. c4 Bb4+ 4. Bd2 Qe7 5. Nc3 Bxc3 6. Bxc3 Ne4 7. Qc2 Nxc3
8. Qxc3 d6 9. e3 O-O 10. Bd3 Nd7 11. O-O e5 12. Nd2 f5 13. f4 g6 14. Bc2 c5 15.
Rae1 Qg7 16. Nf3 cxd4 17. exd4 e4 18. Nd2 b6 19. g4 Bb7 20. g5 Rfc8 21. Qe3 Kh8
22. Bb3 Nf8 23. h4 Ne6 24. d5 Nc5 25. Re2 h5 26. Nb1 Ba6 27. Nc3 Nd3 28. Rd1
Bxc4 29. Bxc4 Rxc4 30. Rb1 Qd4 31. Nb5 Qxe3+ 32. Rxe3 Rc5 33. Nxd6 Rxd5 34.
Nxe4 fxe4 35. Rxe4 Rf8 36. Rf1 Rdf5 37. Re7 R8f7 38. Re8+ Rf8 39. Re7 R5f7 40.
Re3 Nxf4 41. Kh2 Kg7 42. Rd1 Rf5 43. Rd7+ R8f7 44. Rd2 Rd5 45. Rf2 Rd3 46. Re4
Rh3+ 47. Kg1 Rxh4 0-1

[Event "Championnat de France 2006 - Vétérans"]
[Site "BESANCON"]
[Date "2006.08.25"]
[Round "10.5"]
[White "Degrave, Jack"]
[Black "Cousin, Philippe"]
[Result "0-1"]
[WhiteElo "2042"]
[BlackElo "2019"]
[PlyCount "90"]
[EventDate "2006.??.??"]

1. d4 Nf6 2. Nf3 c5 3. c3 d5 4. e3 Nc6 5. Bd3 e6 6. Nbd2 Be7 7. O-O O-O 8. Ne5
Nxe5 9. dxe5 Nd7 10. f4 f5 11. g4 g6 12. b3 Kh8 13. Bb2 a6 14. c4 d4 15. exd4
cxd4 16. g5 b6 17. Nf3 Bb7 18. Qe1 Nc5 19. Rd1 Nxd3 20. Rxd3 Be4 21. Rd1 d3 22.
h4 Bc5+ 23. Kh2 Qd7 24. b4 Be7 25. Qc3 a5 26. a3 axb4 27. axb4 Ra4 28. Ba3 Rfa8
29. Ra1 Qa7 30. Bb2 Qb7 31. Nd4 Rxa1 32. Bxa1 Qd7 33. Kg3 Kg7 34. Nb5 Ra2 35.
Nd6 Qa4 36. Bb2 Qc6 37. Qb3 Ra8 38. Rf2 Qa4 39. Qc3 Qd1 40. Nxe4 Qg4+ 41. Kh2
fxe4 42. Qd4 Qxh4+ 43. Kg1 Qg3+ 44. Rg2 Qe1+ 45. Kh2 Rd8 0-1